| 000 | 01063pam a2200265 a 4500 | ||
|---|---|---|---|
| 001 | 632748 | ||
| 005 | 20260420123727.0 | ||
| 008 | 930212s1993 ilu b 001 0 eng | ||
| 020 |
_a0226509842 _qcloth :alk. paper |
||
| 020 |
_a0226509850 _qpbk. : alk. paper |
||
| 020 |
_a9780226509846 _q(cloth :alk. paper) |
||
| 020 |
_a9780226509853 _q(pbk. : alk. paper) |
||
| 050 | 0 | 0 |
_aBL41 _b.M345 1993 |
| 082 | 0 | 0 |
_a200 _220 |
| 100 | 1 | _aMasuzawa, Tomoko. | |
| 245 | 1 | 0 |
_aIn search of dreamtime : _bthe quest for the origin of religion / _cTomoko Masuzawa. |
| 260 |
_aChicago : _bUniversity of Chicago Press, _c1993. |
||
| 300 |
_a223 p. ; _c24 cm. |
||
| 440 | 0 | _aReligion and postmodernism | |
| 650 | 0 |
_aReligion _xHistoriography. |
|
| 856 | 4 | 2 |
_3Publisher description _uhttp://www.loc.gov/catdir/description/uchi051/93000518.html |
| 856 | 4 | 2 |
_3Contributor biographical information _uhttp://www.loc.gov/catdir/enhancements/fy0609/93000518-b.html |
| 856 | 4 | 1 |
_3Table of contents only _uhttp://www.loc.gov/catdir/enhancements/fy0608/93000518-t.html |
| 942 |
_2lcc _cBK _n0 |
||
| 999 |
_c9276 _d9276 |
||